Forest policy analysis
Αποθηκεύτηκε σε:
| Κύριος συγγραφέας: | |
|---|---|
| Συγγραφή απο Οργανισμό/Αρχή: | |
| Άλλοι συγγραφείς: | |
| Μορφή: | Βιβλίο |
| Γλώσσα: | English German |
| Δημοσίευση: |
Dordrecht, Netherlands :
Springer,
c2005.
|
| Θέματα: | |
| Ετικέτες: |
Προσθήκη ετικέτας
Δεν υπάρχουν, Καταχωρήστε ετικέτα πρώτοι!
|
MARC
| LEADER | 00000cam a2200000 i 4500 | ||
|---|---|---|---|
| 001 | 1/68659 | ||
| 008 | 071219s2005 ne | ||| |||| ||eng|| | ||
| 020 | |a 9781402034787 | ||
| 020 | |a 1402034784 | ||
| 035 | |l 10093265 | ||
| 040 | |a GR-MyUA |b gre |e AACR2 | ||
| 041 | 1 | |a eng |h ger | |
| 082 | 0 | |a 333.75 |2 (22) | |
| 100 | 1 | |a Krott, Max. | |
| 245 | 1 | 0 | |a Forest policy analysis / |c by Max Krott ; European Forest Institute ; translated by Renee von Paschen. |
| 260 | |a Dordrecht, Netherlands : |b Springer, |c c2005. | ||
| 300 | |a xi, 323 σ. ; |c 25 εκ. | ||
| 500 | |a Τίτλος πρωτοτύπου: Politikfeldanalyse Forstwirtschaft. | ||
| 504 | |a Περιλαμβάνει βιβλιογραφικές παραπομπές και ευρετήριο. | ||
| 650 | 0 | 0 | |a Forest policy. |
| 650 | 0 | 0 | |a Forest landowners. |
| 650 | 0 | 0 | |a Forests and forestry |x Economic aspects. |
| 700 | 1 | |a Paschen, Renee von. | |
| 710 | 2 | |a European Forest Institute. | |
| 852 | |a INST |b CHIOS |e 20071219 |h 333.75 KRO |p 005200028073 |q 005200028073 |t BK |y 0 | ||
| 901 | |a BIBL2-2007-3 | ||
| 909 | |a Χ |b 142257 | ||
| 922 | |a 2ΕΛΗ |b 200712 |c ΕΠΕΑΕΚ2/ΤΜΟΔ |d ΠΑΠΑΣΩΤΗΡΙΟΥ | ||
| 970 | |a ΒΑΣΙΛΑΚΗ |b ΝΙΚΗ |z 2007/12/19 | ||